00336nam a22001097a 4500003000400000245004700004260003300051300000800084942001200092952010500104999001700209SGT aJournal of Oral & Facial Pain and Headache bQuintessence Publisherc2021 a349 2ddccBV 00102ddc405171aFDbFDd2025-03-22hVol.35iSGTUl0pPD1326r2025-03-22 00:00:00w2025-03-22yBV c30394d30394